MARC details
| 000 -LEADER |
| campo de control de longitud fija |
01230cam a2200361 4500 |
| 001 - NÚMERO DE CONTROL |
| campo de control |
143711 |
| 003 - IDENTIFICADOR DE NÚMERO DE CONTROL |
| campo de control |
SpMaBN |
| 005 - FECHA Y HORA DE LA ÚLTIMA TRANSACCIÓN |
| campo de control |
20251011063139.0 |
| 008 - DATOS DE LONGITUD FIJA--INFORMACIÓN GENERAL |
| campo de control de longitud fija |
841004s1983 sp a 001 spa |
| 016 7# - NÚMERO DE CONTROL DE UNA AGENCIA BIBLIOGRÁFICA NACIONAL |
| Número de control del registro |
bimoBNE19921537590 |
| Número de control cancelado/no válido |
IBH8405815594 |
| Fuente |
SpMaBN |
| 017 ## - NÚMERO DE COPYRIGHT O DE DEPÓSITO LEGAL |
| Número de copyright o de depósito legal |
Z 219-1983 |
| Agencia que asigna |
Oficina Depósito Legal Zaragoza |
| 020 ## - NÚMERO INTERNACIONAL ESTÁNDAR DEL LIBRO |
| Número Internacional Estándar del Libro |
8485264584 |
| 035 ## - NÚMERO DE CONTROL DEL SISTEMA |
| Número de control de sistema |
(OCoLC)434393149 |
| 040 ## - FUENTE DE CATALOGACIÓN |
| Centro catalogador/agencia de origen |
IBH |
| Lengua de catalogación |
spa |
| Centro/agencia transcriptor |
SpMaBN |
| Normas de descripción |
rdc |
| Centro/agencia modificador |
ES-MaACL |
| 080 ## - NÚMERO DE LA CLASIFICACIÓN DECIMAL UNIVERSAL |
| Número de la Clasificación Decimal Universal |
613.865 |
| 080 ## - NÚMERO DE LA CLASIFICACIÓN DECIMAL UNIVERSAL |
| Número de la Clasificación Decimal Universal |
616.89-084 |
| 100 ## - ENTRADA PRINCIPAL--NOMBRE DE PERSONA |
| Nombre de persona |
Seva Díaz, Antonio, |
| Fechas asociadas al nombre |
1940-2004 |
| Número de control del registro de autoridad o número normalizado |
XX1039969 |
| 9 (RLIN) |
227284 |
| 245 10 - MENCIÓN DEL TÍTULO |
| Título |
Salud mental evolutiva / |
| Mención de responsabilidad, etc. |
Antonio Seva Díaz |
| 260 ## - PUBLICACIÓN, DISTRIBUCIÓN, ETC. |
| Lugar de publicación, distribución, etc. |
Zaragoza |
| Nombre del editor, distribuidor, etc. |
Libros Pórtico |
| Fecha de publicación, distribución, etc. |
1983 |
| 300 ## - DESCRIPCIÓN FÍSICA |
| Extensión |
709 p. : |
| Otras características físicas |
il., |
| Dimensiones |
24 cm |
| 500 ## - NOTA GENERAL |
| Nota general |
Indices |
| 650 #4 - PUNTO DE ACCESO ADICIONAL DE MATERIA--TÉRMINO DE MATERIA |
| Término de materia o nombre geográfico como elemento de entrada |
Enfermedades mentales |
| Subdivisión general |
Prevención |
| Fuente del encabezamiento o término |
embne |
| 9 (RLIN) |
12268 |
| 650 #7 - PUNTO DE ACCESO ADICIONAL DE MATERIA--TÉRMINO DE MATERIA |
| Término de materia o nombre geográfico como elemento de entrada |
Salud mental |
| Fuente del encabezamiento o término |
embne |
| 9 (RLIN) |
16972 |
| 852 ## - LOCALIZACIÓN |
| Ubicación |
ES-MaACL |
| Sublocalización o colección |
R.105495 |
| Número de control de estantería |
L-5136 |
| itemnumber |
148902 |
| Ubicación en estantería |
Depósito 2 |
| 942 ## - ELEMENTOS DE ENTRADA SECUNDARIOS (KOHA) |
| Fuente del sistema de clasificación o colocación |
Clasificación decimal universal |
| Tipo de ítem Koha |
Libro impreso |
| 956 ## - LOCALIZACIÓN Y ACCESO ELECTRÓNICOS LOCAL (OCLC) |
| Nombre del host |
1 2 |
| 980 ## - EQUIVALENCIA O REFERENCIA-CRUZADA-MENCIÓN DE SERIE--NOMBRE DE PERSONA/TÍTULO [LOCAL, CANADÁ] |
| Nombre de persona |
SpMaBN |
| Numeración |
BNMADRID |
| Calificador de atribución |
4/214655 |
| Títulos y otros términos asociados al nombre |
SG_RECOLET |
| 980 ## - EQUIVALENCIA O REFERENCIA-CRUZADA-MENCIÓN DE SERIE--NOMBRE DE PERSONA/TÍTULO [LOCAL, CANADÁ] |
| Nombre de persona |
SpMaBN |
| Numeración |
BNMADRID |
| Calificador de atribución |
4/224303 |
| Títulos y otros términos asociados al nombre |
SG_RECOLET |
| 980 ## - EQUIVALENCIA O REFERENCIA-CRUZADA-MENCIÓN DE SERIE--NOMBRE DE PERSONA/TÍTULO [LOCAL, CANADÁ] |
| Nombre de persona |
Z 219-1983 |
| -- |
SpMaBN |
| Numeración |
BNALCALA |
| Calificador de atribución |
AHM/293055 |
| Títulos y otros términos asociados al nombre |
SG_PETANTI |
| 980 ## - EQUIVALENCIA O REFERENCIA-CRUZADA-MENCIÓN DE SERIE--NOMBRE DE PERSONA/TÍTULO [LOCAL, CANADÁ] |
| Nombre de persona |
SpMaBN |
| Numeración |
BNALCALA |
| Calificador de atribución |
DL/238524 |
| Títulos y otros términos asociados al nombre |
CONSERVACI |